000 00519nam a22001457a 4500
005 20250812131018.0
008 250812b |||||||| |||| 00| 0 eng d
050 _aTHE:HF 5549.5.L46 2012
100 _aLEMUSA NAISIAI MILLICENT
245 _aAN EVALUATION OF TRAINING METHODS AND THEIR EFFECTIVENESS ON EMPLOYEE WORK PERFORMANCE IN COORPORATE ORGANIZATION IN KEYA
_bA CASE STUDY OF GUSII MWALIMU SACCO
260 _aKENYA
_bKISII UNIVERSITY
_c2012
300 _aX,28
500 _aINCUDES APPENDIX
942 _2lcc
_cREF
999 _c216032
_d216032